[Event "North American-ch U14"]
[Site "Montreal"]
[Date "2010.08.17"]
[Round "4"]
[White "Knox, Christopher"]
[Black "Li, Brian"]
[Result "1/2-1/2"]
[WhiteElo "1912"]
[BlackElo "2072"]
[PlyCount "38"]
[EventDate "2010.08.16"]
[EventType "swiss"]
[EventRounds "7"]
[EventCountry "CAN"]
[SourceTitle "EXT 2013"]
[Source "ChessBase"]
[SourceDate "2012.11.22"]
[SourceVersion "1"]
[SourceVersionDate "2012.11.22"]
[SourceQuality "1"]

1. d4 Nf6 2. c4 g6 3. Nc3 d5 4. Nf3 Bg7 5. Bg5 Ne4 6. cxd5 Nxc3 7. bxc3 Qxd5 8. Bf4 c5 9. e3 cxd4 10. cxd4 Nc6 11. Be2 Qa5+ 12. Qd2 Qxd2+ 13. Nxd2 0-0 14. 0-0 e5 15. dxe5 Nxe5 16. Rab1 b6 17. Nf3 Nc6 18. Bb5 Bb7 19. a4 Rac8 1/2-1/2